Loading...
| Fine Arts - Classical Music | 7 | 18.57 | 100% | 71% | 14% |
| Fine Arts - Other Fine Arts | 4 | 17.50 | 100% | 50% | 25% |
| Fine Arts - Visual Fine Arts | 5 | 16.00 | 80% | 80% | 0% |
| Geography/Current Events | 1 | 30.00 | 100% | 100% | 100% |
| History - American History | 6 | 20.00 | 100% | 100% | 0% |
| History - European History | 6 | 20.00 | 100% | 83% | 17% |
| History - Other History | 5 | 22.00 | 100% | 80% | 40% |
| History - World History | 6 | 21.67 | 100% | 100% | 17% |
| Literature - American Literature | 4 | 17.50 | 100% | 75% | 0% |
| Literature - British Literature | 5 | 26.00 | 100% | 100% | 60% |
| Literature - European Literature | 5 | 22.00 | 100% | 100% | 20% |
| Literature - World/Other Literature | 7 | 18.57 | 100% | 86% | 0% |
| Mythology | 5 | 22.00 | 100% | 100% | 20% |
| Other Academic | 3 | 20.00 | 100% | 100% | 0% |
| Philosophy | 6 | 15.00 | 100% | 50% | 0% |
| Pop Culture | 1 | 30.00 | 100% | 100% | 100% |
| Religion | 6 | 16.67 | 100% | 50% | 17% |
| Science - Biology | 7 | 20.00 | 100% | 86% | 14% |
| Science - Chemistry | 5 | 28.00 | 100% | 100% | 80% |
| Science - Other Science | 7 | 18.57 | 100% | 86% | 0% |
| Science - Physics | 8 | 21.25 | 100% | 75% | 38% |
| Social Science | 5 | 14.00 | 100% | 40% | 0% |